[Event "ICS unrated blitz match"]
[Site "204.178.125.65"]
[Date "2001.07.06"]
[Round "?"]
[White "Hossa"]
[Black "Panthee"]
[Result "1-0"]
[WhiteElo "2633"]
[BlackElo "2200"]
[PlyCount "55"]
[EventDate "2001.??.??"]

1. d4 Nf6 2. c4 e6 3. Nc3 Bb4 4. Qc2 O-O 5. e4 d5 6. e5 Ne4 7. Bd3 c5 8. cxd5
exd5 9. Nge2 cxd4 10. Nxd4 Nd7 11. f4 Qh4+ 12. g3 Qh3 13. Bf1 Qh5 14. Bg2 Ndc5
15. O-O Bxc3 16. bxc3 Bh3 17. Ba3 Bxg2 18. Qxg2 Rfd8 19. g4 Qg6 20. Bxc5 Nxc5
21. Nf5 Qb6 22. Ne7+ Kf8 23. Nxd5 Qa5 24. c4 b5 25. cxb5 Qxb5 26. Nc7 Qa5 27.
Nxa8 Rxa8 28. Qxa8+ {Panthee resigns} 1-0

[Event "ICS unrated blitz match"]
[Site "204.178.125.65"]
[Date "2001.07.06"]
[Round "?"]
[White "Panthee"]
[Black "Hossa"]
[Result "0-1"]
[WhiteElo "2200"]
[BlackElo "2633"]
[PlyCount "116"]
[EventDate "2001.??.??"]

1. e4 e6 2. d4 d5 3. Nc3 Bb4 4. e5 b6 5. Qg4 g6 6. Bg5 f6 7. exf6 Nxf6 8. Qh4
O-O 9. Nf3 c5 10. a3 Ba5 11. Ne5 cxd4 12. Qxd4 Nbd7 13. b4 Nxe5 14. Qxe5 Ng4
15. Bxd8 Nxe5 16. Bc7 Ng4 17. Bg3 Bd7 18. bxa5 Rac8 19. Kd2 Nxf2 20. Rg1 d4 21.
Nb5 Ne4+ 22. Kd1 Bxb5 23. Bxb5 Nc3+ 24. Kd2 Nxb5 25. axb6 axb6 26. a4 Nc3 27.
Kd3 Rf5 28. Rgf1 Rxf1 29. Rxf1 Nxa4 30. Kxd4 Rxc2 31. Ke5 Nc5 32. Rb1 Rxg2 33.
Kd6 Ne4+ 34. Kxe6 Nxg3 35. hxg3 Rxg3 36. Rxb6 Re3+ 37. Kf6 Rf3+ 38. Kg5 Kg7 39.
Rb7+ Rf7 40. Rb6 h6+ 41. Kg4 h5+ 42. Kg5 Rf5+ 43. Kh4 Rf4+ 44. Kg3 g5 45. Ra6
Rf6 46. Ra5 Kg6 47. Rb5 h4+ 48. Kg4 Rf4+ 49. Kh3 Rf3+ 50. Kg2 g4 51. Ra5 h3+
52. Kh2 Rf2+ 53. Kh1 g3 54. Ra6+ Kg5 55. Ra5+ Kg4 56. Ra4+ Rf4 57. Ra1 h2 58.
Rb1 Kh3 {Panthee resigns} 0-1

[Event "ICS unrated blitz match"]
[Site "204.178.125.65"]
[Date "2001.07.06"]
[Round "?"]
[White "Hossa"]
[Black "Panthee"]
[Result "1-0"]
[WhiteElo "2633"]
[BlackElo "2200"]
[PlyCount "21"]
[EventDate "2001.??.??"]

1. d4 d5 2. c4 dxc4 3. e4 e5 4. Nf3 exd4 5. Bxc4 Nc6 6. O-O Be6 7. Bb5 Bc5 8.
Nbd2 Nge7 9. Ng5 O-O 10. Qh5 h6 11. Nxe6 {Panthee resigns} 1-0

[Event "ICS rated blitz match"]
[Site "204.178.125.65"]
[Date "2001.07.06"]
[Round "?"]
[White "Thought"]
[Black "Hossa"]
[Result "1-0"]
[WhiteElo "2174"]
[BlackElo "2633"]
[PlyCount "89"]
[EventDate "2001.??.??"]

1. e4 e6 2. d4 d5 3. Nc3 Nc6 4. e5 f6 5. Nf3 fxe5 6. Nxe5 Nxe5 7. dxe5 Bb4 8.
Bd3 Ne7 9. O-O O-O 10. Qh5 g6 11. Qh4 Bxc3 12. bxc3 Nf5 13. Qxd8 Rxd8 14. Bg5
Rd7 15. Bf6 Rf7 16. c4 d4 17. Bxf5 gxf5 18. c5 Rd7 19. Rfd1 Rd5 20. Rd3 Rxc5
21. Rg3+ Kf8 22. Rd1 Rxc2 23. h4 c5 24. Rg7 Rxa2 25. Rxh7 b6 26. Rg7 a5 27. h5
Rxf2 28. Kxf2 Rb8 29. h6 Rb7 30. Rxb7 Bxb7 31. h7 Ke8 32. h8=Q+ Kd7 33. Qb8 Be4
34. Qd6+ Kc8 35. Qxb6 Kd7 36. Qxc5 Bd5 37. Rxd4 f4 38. Rxd5+ exd5 39. Qd6+ Kc8
40. e6 Kb7 41. e7 d4 42. e8=Q d3 43. Qb5+ Ka7 44. Qdb6+ Ka8 45. Qb8# {
Hossa checkmated} 1-0

[Event "ICS rated bullet match"]
[Site "204.178.125.65"]
[Date "2001.07.06"]
[Round "?"]
[White "BCR"]
[Black "Hossa"]
[Result "0-1"]
[WhiteElo "2184"]
[BlackElo "2580"]
[PlyCount "50"]
[EventDate "2001.??.??"]

1. e4 e6 2. d4 d5 3. Nd2 Nc6 4. Ngf3 Nf6 5. e5 Nd7 6. Bb5 a6 7. Bxc6 bxc6 8.
O-O a5 9. c4 Ba6 10. b3 c5 11. Bb2 Be7 12. cxd5 exd5 13. Re1 O-O 14. Rc1 Rc8
15. Nf1 c6 16. Qc2 cxd4 17. Nxd4 c5 18. Nf5 c4 19. Qd2 Bb4 20. Bc3 cxb3 21.
axb3 Rxc3 22. Rxc3 Nc5 23. Qd4 Ne6 24. Qe3 d4 25. Nxd4 Nxd4 {BCR resigns} 0-1

[Event "ICS rated bullet match"]
[Site "204.178.125.65"]
[Date "2001.07.06"]
[Round "?"]
[White "Fergie"]
[Black "Hossa"]
[Result "0-1"]
[WhiteElo "2014"]
[BlackElo "2586"]
[PlyCount "74"]
[EventDate "2001.??.??"]

1. e4 e6 2. d4 d5 3. Nd2 Nc6 4. Ngf3 Nf6 5. e5 Nd7 6. Be2 Be7 7. Nf1 f6 8. Ne3
fxe5 9. dxe5 Ndxe5 10. Nxe5 Nxe5 11. f4 Nc6 12. O-O O-O 13. Kh1 d4 14. Ng4 Bd7
15. Ne5 Nxe5 16. fxe5 c5 17. Bd2 Rxf1+ 18. Bxf1 Qc7 19. Qf3 Rf8 20. Qg3 c4 21.
Bf4 c3 22. b3 Qd8 23. Bd3 Bh4 24. Qg4 h5 25. Qf3 Bc6 26. Be4 Bxe4 27. Qxe4 Qd5
28. Qxd5 exd5 29. g3 Be7 30. Re1 g5 31. Bc1 Rf2 32. Kg1 Rxc2 33. e6 d3 34. Bxg5
Bxg5 35. e7 Bxe7 36. Rxe7 d2 37. Re4 d1=Q+ {Fergie resigns} 0-1

[Event "ICS rated blitz match"]
[Site "204.178.125.65"]
[Date "2001.07.06"]
[Round "?"]
[White "Hossa"]
[Black "AGLeo"]
[Result "1-0"]
[WhiteElo "2603"]
[BlackElo "2281"]
[PlyCount "26"]
[EventDate "2001.??.??"]

1. d4 Nf6 2. c4 e6 3. Nc3 Bb4 4. e3 O-O 5. Bd3 c5 6. Nf3 d5 7. O-O Nc6 8. a3
Bxc3 9. bxc3 dxc4 10. Bxc4 Qc7 11. Ba2 e5 12. d5 Na5 13. d6 Qc6 {AGLeo resigns}
1-0

[Event "ICS rated blitz match"]
[Site "204.178.125.65"]
[Date "2001.07.06"]
[Round "?"]
[White "AGLeo"]
[Black "Hossa"]
[Result "0-1"]
[WhiteElo "2275"]
[BlackElo "2607"]
[PlyCount "37"]
[EventDate "2001.??.??"]

1. e4 e6 2. Qe2 Nc6 3. Nf3 Be7 4. d4 d5 5. exd5 exd5 6. g3 Nf6 7. Bg2 O-O 8.
O-O Re8 9. Qd3 Nb4 10. Qb3 Bf5 11. Na3 a5 12. c3 Bc2 13. Nxc2 a4 14. Qxb4 Bxb4
15. Nxb4 a3 16. bxa3 Ne4 17. Bb2 c6 18. Rfe1 Qf6 19. Ne5 {AGLeo resigns} 0-1

[Event "ICS rated standard match"]
[Site "204.178.125.65"]
[Date "2001.07.06"]
[Round "?"]
[White "Hossa"]
[Black "E-Ahmed"]
[Result "1/2-1/2"]
[WhiteElo "2358"]
[BlackElo "2019"]
[PlyCount "163"]
[EventDate "2001.??.??"]

1. d4 d5 2. e4 c6 3. exd5 cxd5 4. Nf3 Nf6 5. Nc3 g6 6. Bb5+ Bd7 7. O-O Bg7 8.
Bxd7+ Nbxd7 9. Qe2 O-O 10. Bf4 e6 11. Rfe1 Rc8 12. Nb5 Qb6 13. c3 a6 14. Na3
Rfe8 15. Ne5 Bf8 16. Nb1 Nxe5 17. Bxe5 Nd7 18. Bf4 Nb8 19. Qd2 Nc6 20. b3 Ne7
21. Re3 Nf5 22. Re2 Bg7 23. Re1 Rc6 24. Qd1 Rec8 25. Be3 Nd6 26. Bd2 Ne4 27.
Re2 Qd8 28. Be1 Nd6 29. a4 b5 30. axb5 axb5 31. Rc2 b4 32. Ra4 bxc3 33. Rxc3
Qc7 34. Rxc6 Qxc6 35. Nc3 Nf5 36. g4 Nd6 37. h4 Nb5 38. Nxb5 Qxb5 39. Bb4 h6
40. Ba3 Qd7 41. h5 gxh5 42. gxh5 Qd8 43. Qg4 Qf6 44. f4 Rc2 45. Ra8+ Kh7 46.
Bc5 Rc1+ 47. Kf2 Rh1 48. Re8 Rh4 49. Qg3 Rxf4+ 50. Ke3 Re4+ 51. Kd2 Qg5+ 52.
Qxg5 hxg5 53. Kd3 g4 54. Ra8 g3 55. Ra1 Bh6 56. Rg1 Re3+ 57. Kc2 Re2+ 58. Kd3
Rd2+ 59. Kc3 g2 60. b4 Ra2 61. b5 Be3 62. Rxg2 Rxg2 63. b6 Rg8 64. Kd3 Bf4 65.
Ke2 Rb8 66. Kf2 Rb7 67. Ke2 Bg5 68. Kf3 Bd8 69. Bd6 Bxb6 70. Ke3 Bd8 71. Bf4
Rb3+ 72. Kd2 Rh3 73. h6 Rh4 74. Ke3 Rxf4 75. Kxf4 Kxh6 76. Ke3 Bb6 77. Kf4 Bxd4
78. Kf3 e5 79. Ke2 f5 80. Kf3 f4 81. Kg4 Be3 82. Kh3 {
E-Ahmed ran out of time and Hossa has no material to mate} 1/2-1/2

[Event "ICS rated blitz match"]
[Site "204.178.125.65"]
[Date "2001.07.06"]
[Round "?"]
[White "mambrino"]
[Black "Hossa"]
[Result "0-1"]
[WhiteElo "2171"]
[BlackElo "2613"]
[PlyCount "88"]
[EventDate "2001.??.??"]

1. e4 e6 2. d3 d5 3. Qe2 dxe4 4. dxe4 Nc6 5. c3 Nf6 6. Qc2 Bc5 7. Bg5 Bxf2+ 8.
Qxf2 Nxe4 9. Bxd8 Nxf2 10. Kxf2 Kxd8 11. Nf3 Bd7 12. Bb5 f6 13. Nbd2 e5 14. Ne4
a6 15. Bxc6 Bxc6 16. Rad1+ Ke7 17. Nc5 b6 18. Nb3 Ke6 19. Rhe1 Kf7 20. g4 Rae8
21. h4 h5 22. g5 Bxf3 23. Kxf3 fxg5 24. hxg5 Rhf8 25. Kg3 Kg6 26. Rf1 Kxg5 27.
Rxf8 Rxf8 28. Rd7 g6 29. Rxc7 h4+ 30. Kg2 Kf5 31. Nd2 g5 32. Kh3 Kf4 33. Rc4+
Ke3 34. Nf1+ Rxf1 35. Kg4 Rf4+ 36. Rxf4 exf4 37. Kxg5 h3 38. c4 h2 39. b4 f3
40. c5 f2 41. cxb6 f1=Q 42. b7 Qf4+ 43. Kg6 h1=Q 44. b8=Q Qhh6# {
mambrino checkmated} 0-1

[Event "ICS rated blitz match"]
[Site "204.178.125.65"]
[Date "2001.07.06"]
[Round "?"]
[White "Hossa"]
[Black "mambrino"]
[Result "1-0"]
[WhiteElo "2615"]
[BlackElo "2169"]
[PlyCount "103"]
[EventDate "2001.??.??"]

1. d4 Nf6 2. c4 g6 3. Nc3 Bg7 4. e4 d6 5. Nf3 O-O 6. Be2 e5 7. O-O Nc6 8. d5
Ne7 9. Bd2 Ne8 10. Qc2 f5 11. Ng5 Nf6 12. Ne6 Bxe6 13. dxe6 c6 14. Qd3 fxe4 15.
Nxe4 d5 16. Ng5 Qd6 17. Qc3 h6 18. Nf7 Qxe6 19. Nxh6+ Bxh6 20. Bxh6 Rf7 21. Qb3
Nf5 22. cxd5 cxd5 23. Be3 Kg7 24. Rfd1 Nxe3 25. Qxe3 a6 26. Bf3 e4 27. Be2 Rh8
28. Qg3 Nh5 29. Bg4 Qf6 30. Bxh5 Rxh5 31. Rd2 Rg5 32. Qe3 Rf5 33. Rc1 Qe5 34.
Rc5 Rd7 35. Rdc2 Qf4 36. Qh3 d4 37. Rc8 Qh6 38. Rg8+ Kxg8 39. Qxh6 Rg7 40. Rc8+
Rf8 41. Rxf8+ Kxf8 42. Qf4+ Rf7 43. Qd6+ Kg7 44. Qxd4+ Rf6 45. g4 g5 46. h4 Kg6
47. Qxe4+ Kg7 48. Qe7+ Kg6 49. h5+ Kh6 50. Qxf6+ Kh7 51. h6 Kg8 52. Qg7# {
mambrino checkmated} 1-0

[Event "ICS rated blitz match"]
[Site "204.178.125.65"]
[Date "2001.07.06"]
[Round "?"]
[White "mambrino"]
[Black "Hossa"]
[Result "0-1"]
[WhiteElo "2167"]
[BlackElo "2617"]
[PlyCount "52"]
[EventDate "2001.??.??"]

1. e4 e6 2. d4 d5 3. e5 Nc6 4. c3 f6 5. f4 fxe5 6. fxe5 Qh4+ 7. Ke2 Nh6 8. Nf3
Qe4+ 9. Be3 Ng4 10. Qd3 Be7 11. Qxe4 dxe4 12. Nfd2 Nxe3 13. Kxe3 Bg5+ 14. Kxe4
Bxd2 15. Nxd2 Bd7 16. Bd3 Ne7 17. Ke3 Nd5+ 18. Ke2 Nf4+ 19. Ke3 Nd5+ 20. Kf2
O-O+ 21. Nf3 Rad8 22. Rhe1 Nf4 23. Bf1 Bc6 24. Re3 g5 25. g3 Nd5 26. Ke2 Nxe3 {
mambrino resigns} 0-1

[Event "ICS rated blitz match"]
[Site "204.178.125.65"]
[Date "2001.07.06"]
[Round "?"]
[White "Hossa"]
[Black "mambrino"]
[Result "1-0"]
[WhiteElo "2619"]
[BlackElo "2165"]
[PlyCount "55"]
[EventDate "2001.??.??"]

1. d4 Nf6 2. Nf3 g6 3. c4 Bg7 4. g3 O-O 5. Bg2 d6 6. O-O Nc6 7. d5 Na5 8. Na3
c5 9. Re1 a6 10. e4 Nd7 11. Rb1 Ne5 12. Nxe5 Bxe5 13. Bh6 Re8 14. Qe2 Bd7 15.
Nc2 b5 16. f4 Bg7 17. Bxg7 Kxg7 18. b3 bxc4 19. bxc4 Rb8 20. e5 Bf5 21. Rxb8
Qxb8 22. exd6 Qxd6 23. Ne3 Bd7 24. Rb1 Rb8 25. Rxb8 Qxb8 26. Nf1 e6 27. Qe3 Qd6
28. Qc3+ {mambrino resigns} 1-0

[Event "ICS rated blitz match"]
[Site "204.178.125.65"]
[Date "2001.07.06"]
[Round "?"]
[White "mambrino"]
[Black "Hossa"]
[Result "0-1"]
[WhiteElo "2163"]
[BlackElo "2621"]
[PlyCount "42"]
[EventDate "2001.??.??"]

1. e4 e6 2. d4 d5 3. e5 Nc6 4. Nf3 Bb4+ 5. c3 Ba5 6. Bd3 Nge7 7. O-O h6 8. Re1
Bd7 9. b4 Bb6 10. a4 a5 11. b5 Na7 12. Nbd2 c6 13. bxc6 Bxc6 14. Rb1 Bc7 15. c4
dxc4 16. Nxc4 Nd5 17. Bd2 O-O 18. Be4 b5 19. axb5 Nxb5 20. Bxd5 Qxd5 21. Ne3
Qd7 {mambrino resigns} 0-1

[Event "ICS rated blitz match"]
[Site "204.178.125.65"]
[Date "2001.07.06"]
[Round "?"]
[White "Hossa"]
[Black "mambrino"]
[Result "1-0"]
[WhiteElo "2623"]
[BlackElo "2161"]
[PlyCount "39"]
[EventDate "2001.??.??"]

1. d4 Nf6 2. c4 d6 3. Nf3 g6 4. Nc3 Bg7 5. g3 O-O 6. Bg2 c5 7. dxc5 dxc5 8. O-O
Qa5 9. Bd2 Nc6 10. Na4 Qc7 11. Nxc5 Na5 12. Qa4 Qxc5 13. Bxa5 Ne4 14. Rad1 Bxb2
15. Rd5 Qa3 16. Qxa3 Bxa3 17. Ne5 Be6 18. Bxe4 Bxd5 19. Bxd5 Bd6 20. Nd7 {
mambrino resigns} 1-0

[Event "ICS rated blitz match"]
[Site "204.178.125.65"]
[Date "2001.07.06"]
[Round "?"]
[White "mambrino"]
[Black "Hossa"]
[Result "0-1"]
[WhiteElo "2159"]
[BlackElo "2625"]
[PlyCount "94"]
[EventDate "2001.??.??"]

1. e4 e6 2. d4 d5 3. e5 Nc6 4. Nf3 Bb4+ 5. c3 Ba5 6. Bd3 Nge7 7. O-O h6 8. Nbd2
Bb6 9. Re1 Ng6 10. Nf1 Nce7 11. g3 Bd7 12. h4 c5 13. Be3 cxd4 14. cxd4 Nf5 15.
h5 Nxe3 16. Nxe3 Ne7 17. a3 Rc8 18. Qd2 Nc6 19. Bc2 O-O 20. b4 f5 21. exf6 Qxf6
22. Ne5 Nxd4 23. Nxd7 Nf3+ 24. Kg2 Qd8 25. Qd3 Nxe1+ 26. Rxe1 Qxd7 27. Qh7+ Kf7
28. Qg6+ Ke7 29. Nf5+ Kd8 30. Rxe6 Rxc2 31. Rd6 Rxf2+ 32. Kh3 R2xf5 33. Rxd7+
Kxd7 34. Qxg7+ R8f7 35. Qg6 Be3 36. Kg2 Ke7 37. g4 Rf2+ 38. Kh1 Rf1+ 39. Kg2
Rg1+ 40. Kh2 Ra1 41. Qd3 Rf2+ 42. Kg3 Rg1+ 43. Kh3 Rf3+ 44. Kh2 Rxg4 45. Qh7+
Ke6 46. Qxb7 Bf4+ 47. Kh1 Rh3# {mambrino checkmated} 0-1

[Event "ICS rated blitz match"]
[Site "204.178.125.65"]
[Date "2001.07.06"]
[Round "?"]
[White "Hossa"]
[Black "mambrino"]
[Result "1-0"]
[WhiteElo "2627"]
[BlackElo "2157"]
[PlyCount "54"]
[EventDate "2001.??.??"]

1. d4 Nf6 2. c4 g6 3. Nc3 Bg7 4. e4 d6 5. Nf3 O-O 6. Be2 e5 7. O-O Nc6 8. d5
Ne7 9. Bd2 Ne8 10. Qc2 f5 11. Ng5 c6 12. dxc6 bxc6 13. c5 d5 14. exd5 cxd5 15.
Nb5 h6 16. Nf3 Be6 17. Rfd1 a6 18. Na3 e4 19. Ne1 d4 20. Bc4 Nd5 21. Bxd5 Bxd5
22. Nc4 d3 23. Qc1 Rc8 24. Nb6 Rc6 25. Bxh6 Nf6 26. Bxg7 Kxg7 27. Qc3 Qc7 {
mambrino resigns} 1-0

[Event "ICS rated bullet match"]
[Site "204.178.125.65"]
[Date "2001.07.06"]
[Round "?"]
[White "Hossa"]
[Black "EA6PZ"]
[Result "0-1"]
[WhiteElo "2592"]
[BlackElo "2740"]
[PlyCount "84"]
[EventDate "2001.??.??"]

1. Nf3 d5 2. d4 c5 3. dxc5 e6 4. b4 b6 5. cxb6 Bxb4+ 6. c3 Bc5 7. bxa7 Rxa7 8.
Bf4 Qb6 9. e3 Qb2 10. Nbd2 Nd7 11. a4 Ngf6 12. Bb5 O-O 13. Rc1 Nh5 14. Rc2 Qa3
15. Nb1 Qa1 16. Be5 Nxe5 17. Nxe5 Nf6 18. Re2 Bd6 19. Nc6 Rc7 20. Qb3 Bd7 21.
Ra2 Qxa2 22. Qxa2 Bxc6 23. Bd3 Ra8 24. a5 Rca7 25. Qb2 Rxa5 26. O-O Nd7 27. c4
Ra2 28. Qd4 Nc5 29. cxd5 R8a4 30. Qc3 Bxd5 31. Rd1 Bf8 32. g3 Bf3 33. Rd2 Ra1
34. Bc2 Ne4 35. Qd3 R4a3 36. Qd4 Rc3 37. Rd1 Rxc2 38. Qxa1 Nxf2 39. Nc3 Ng4 40.
Qa5 Rxh2 41. Qh5 Rxh5 42. Rd7 Rh1# {Hossa checkmated} 0-1

[Event "ICS rated bullet match"]
[Site "204.178.125.65"]
[Date "2001.07.06"]
[Round "?"]
[White "EA6PZ"]
[Black "Hossa"]
[Result "1-0"]
[WhiteElo "2750"]
[BlackElo "2582"]
[PlyCount "123"]
[EventDate "2001.??.??"]

1. e4 d6 2. d4 Nf6 3. Nc3 Bg4 4. Be2 Bxe2 5. Ngxe2 e6 6. O-O Be7 7. Qd3 O-O 8.
d5 Qd7 9. Bd2 c6 10. dxe6 fxe6 11. Bf4 e5 12. Bg5 Na6 13. Rad1 Nc5 14. Qe3 Qe6
15. f3 Ncd7 16. Qd2 Nb6 17. Qd3 Qf7 18. Ng3 Nc4 19. Na4 b5 20. Nf5 Bd8 21. b3
Ne8 22. Bxd8 Rxd8 23. bxc4 bxa4 24. c5 d5 25. Qa6 Rb8 26. Qxc6 dxe4 27. fxe4
Nf6 28. Qxa4 Qc7 29. Qc4+ Qf7 30. Ne7+ Kh8 31. Qxf7 Rxf7 32. Nc6 Re8 33. Nxe5
Rfe7 34. Nc4 Rc8 35. e5 Nd7 36. Nd6 Rxc5 37. Nf5 Rexe5 38. Rxd7 Re8 39. Nd6 Rb8
40. Rb7 Ra8 41. Rxa7 Rb8 42. Rb7 Ra8 43. Ra7 Rb8 44. Re7 g6 45. Ne8 Rxe8 46.
Rxe8+ Kg7 47. Re7+ Kh6 48. Rf2 Rc4 49. Ra7 Rd4 50. Kf1 Rc4 51. a4 Kg5 52. a5 h6
53. Rb7 Ra4 54. Rb5+ Kg4 55. Rf6 g5 56. Kg1 Kh5 57. h3 Ra2 58. Kh2 Rxc2 59.
Rbb6 Rxg2+ 60. Kxg2 g4 61. Rf5+ Kh4 62. Rxh6# {Hossa checkmated} 1-0

[Event "ICS rated bullet match"]
[Site "204.178.125.65"]
[Date "2001.07.06"]
[Round "?"]
[White "Hossa"]
[Black "EA6PZ"]
[Result "0-1"]
[WhiteElo "2573"]
[BlackElo "2759"]
[PlyCount "114"]
[EventDate "2001.??.??"]

1. Nf3 Nf6 2. c4 g6 3. Nc3 d5 4. cxd5 Nxd5 5. Qa4+ Bd7 6. Qh4 Bc6 7. Nxd5 Qxd5
8. e3 Bg7 9. Be2 Bb5 10. Bxb5+ Qxb5 11. a4 Qd3 12. Ra3 Qc2 13. O-O Nc6 14. d4
Rd8 15. Qg5 e5 16. Rc3 Qxa4 17. dxe5 Rd1 18. b3 Rxf1+ 19. Kxf1 Qb5+ 20. Kg1 Qe2
21. Kh1 Qxf2 22. Ba3 Qf1+ 23. Ng1 Kd7 24. Rc1 Qf5 25. Qf4 Qe6 26. Bb2 Kc8 27.
b4 Qe7 28. b5 Nxe5 29. Bxe5 Bxe5 30. Qa4 Kb8 31. b6 axb6 32. Nf3 f5 33. h3 Bf6
34. Rb1 Qxe3 35. Re1 Qd3 36. Qa2 Bc3 37. Rc1 Rd8 38. Ng1 Qd2 39. Rc2 Qe1 40.
Re2 Qd1 41. Kh2 b5 42. Rc2 Be5+ 43. g3 Bxg3+ 44. Kg2 Bf4 45. Nf3 g5 46. Kf2
Be3+ 47. Kg2 g4 48. hxg4 fxg4 49. Re2 Rd2 50. Qg8+ Ka7 51. Qxg4 Qxe2+ 52. Kh3
Qf1+ 53. Kh4 Rg2 54. Kh5 b4 55. Qxg2 Qxg2 56. Kh4 Bf2+ 57. Kh5 Qg6# {
Hossa checkmated} 0-1

[Event "ICS rated bullet match"]
[Site "204.178.125.65"]
[Date "2001.07.06"]
[Round "?"]
[White "EA6PZ"]
[Black "Hossa"]
[Result "1-0"]
[WhiteElo "2767"]
[BlackElo "2565"]
[PlyCount "73"]
[EventDate "2001.??.??"]

1. e4 e6 2. d4 d5 3. Nd2 Nc6 4. Ngf3 Nf6 5. e5 Nd7 6. Be2 Be7 7. Nf1 f6 8. exf6
gxf6 9. Nh4 Nb6 10. Bb5 a6 11. Bxc6+ bxc6 12. Bh6 Kd7 13. Nd2 Na4 14. c3 Nb6
15. O-O a5 16. Re1 Ba6 17. Bf4 Rb8 18. Nb3 Nc4 19. Qe2 Qg8 20. Nf5 Bf8 21. Nh6
Bxh6 22. Bxh6 Ke7 23. Bf4 Qc8 24. Nc5 Rxb2 25. Qg4 Kf7 26. Qh5+ Kg8 27. Rxe6
Qxe6 28. Nxe6 Rb8 29. Qg4+ Kf7 30. Qg7+ Kxe6 31. Re1+ Ne5 32. Bxe5 Be2 33.
Qxf6+ Kd7 34. Qf7+ Kd8 35. Qxc7+ Ke8 36. Bd6 Rg8 37. Qe7# {Hossa checkmated}
1-0

[Event "ICS rated bullet match"]
[Site "204.178.125.65"]
[Date "2001.07.06"]
[Round "?"]
[White "Hossa"]
[Black "EA6PZ"]
[Result "0-1"]
[WhiteElo "2557"]
[BlackElo "2775"]
[PlyCount "114"]
[EventDate "2001.??.??"]

1. Nf3 c5 2. e4 e6 3. b3 d6 4. Be2 Nf6 5. Nc3 Be7 6. O-O O-O 7. Bb2 Nc6 8. a3
e5 9. Ng5 Nd4 10. Bc4 Ne8 11. Bxf7+ Rxf7 12. Nxf7 Kxf7 13. f4 Kg8 14. fxe5 dxe5
15. Nd5 Be6 16. c3 Nc6 17. Qf3 Nf6 18. c4 Qd6 19. Rae1 Rf8 20. Qg3 Bd8 21. Rf3
Kh8 22. Ref1 Nd4 23. Bxd4 cxd4 24. d3 Bxd5 25. cxd5 Qxa3 26. Qxe5 Qxb3 27. Qd6
Re8 28. Qb8 a6 29. e5 Ng8 30. d6 Qb5 31. Qc8 Bg5 32. d7 Rd8 33. e6 Qe5 34. Qc4
Qd6 35. Rh3 b5 36. Qa2 Ne7 37. Kh1 Ng6 38. Rh5 Rf8 39. Re1 Bd8 40. Rh3 Nf4 41.
Rf3 Rf6 42. Re4 Rxe6 43. Qc2 Rxe4 44. dxe4 Bc7 45. g3 Ne6 46. Qa2 Qxd7 47. Qxa6
b4 48. Qb7 Qe7 49. Kg1 Ng5 50. Qc8+ Bd8 51. Rb3 Nxe4 52. Rxb4 Nd2 53. h4 Nf3+
54. Kf2 Qe3+ 55. Kf1 Qe1+ 56. Kg2 Qe2+ 57. Kh3 Ng1# {Hossa checkmated} 0-1

[Event "ICS rated bullet match"]
[Site "204.178.125.65"]
[Date "2001.07.06"]
[Round "?"]
[White "EA6PZ"]
[Black "Hossa"]
[Result "1-0"]
[WhiteElo "2782"]
[BlackElo "2550"]
[PlyCount "119"]
[EventDate "2001.??.??"]

1. d4 Nf6 2. c4 e6 3. Nf3 d5 4. Nc3 dxc4 5. e4 b5 6. e5 Nd5 7. Nxb5 c6 8. Nc3
Ba6 9. Bd2 Be7 10. Be2 Nb4 11. O-O Nd3 12. b3 O-O 13. bxc4 Bxc4 14. Qb1 Qb6 15.
Bxd3 Qxb1 16. Bxb1 Bxf1 17. Kxf1 Nd7 18. Be4 Rac8 19. Rb1 Nb6 20. Ne2 Rc7 21.
Bg5 f6 22. exf6 gxf6 23. Bf4 Rcc8 24. Bd3 c5 25. Ba6 Rce8 26. Bh6 Rf7 27. Bb5
Ra8 28. Nf4 e5 29. dxe5 fxe5 30. Nxe5 Rf5 31. Nd7 Bd6 32. Nxb6 axb6 33. Bc4+
Kh8 34. Ne6 Bxh2 35. Bg7+ Kg8 36. Rxb6 Ra4 37. Bb3 Ra7 38. Rc6 Ra8 39. Bc3 Rb8
40. Rxc5 Rxb3 41. Rxf5 Rb1+ 42. Ke2 Bd6 43. a4 Rb3 44. Rf3 Ra3 45. Rd3 Be7 46.
Rd7 Kf7 47. Rxe7+ Kxe7 48. Bb4+ Kxe6 49. Bxa3 Kd7 50. f4 h5 51. a5 h4 52. f5
Kd8 53. f6 Kd7 54. f7 Kd8 55. f8=Q+ Kc7 56. Qd6+ Kb7 57. a6+ Kc8 58. Qc6+ Kd8
59. a7 h3 60. a8=Q# {Hossa checkmated} 1-0

[Event "ICS rated bullet match"]
[Site "204.178.125.65"]
[Date "2001.07.06"]
[Round "?"]
[White "Hossa"]
[Black "EA6PZ"]
[Result "0-1"]
[WhiteElo "2543"]
[BlackElo "2789"]
[PlyCount "94"]
[EventDate "2001.??.??"]

1. d4 d5 2. c4 e6 3. Nf3 Nf6 4. g3 Bb4+ 5. Bd2 Be7 6. cxd5 exd5 7. Bg2 O-O 8.
O-O Nc6 9. Nc3 Ne4 10. Bf4 Be6 11. Nb5 Rc8 12. Rc1 Qd7 13. Nd2 Nf6 14. Nf3 a6
15. Nc3 Ne4 16. Qb3 g5 17. Be3 g4 18. Ne1 Na5 19. Qc2 Nxc3 20. Qxc3 Qa4 21. Nc2
Rfd8 22. b3 Qxa2 23. Rb1 Rd6 24. Bd2 Rc6 25. Rb2 Rxc3 26. Rxa2 Rxc2 27. Rxc2
Nxb3 28. Bc3 c5 29. dxc5 Rxc5 30. f4 Bf5 31. e4 Bxe4 32. Bxe4 dxe4 33. Rd1 Rc8
34. Kh1 b5 35. Rb1 Nd4 36. Rd2 Nf3 37. Rd7 Rxc3 38. Rd5 Rc2 39. Rh5 e3 40. f5
Rd2 41. f6 Bxf6 42. Rc1 e2 43. Re1 Nxe1 44. Rc5 Nf3 45. Rc8+ Kg7 46. Rg8+ Kxg8
47. Kg2 e1=Q# {Hossa checkmated} 0-1

[Event "ICS rated blitz match"]
[Site "204.178.125.65"]
[Date "2001.07.06"]
[Round "?"]
[White "EA6PZ"]
[Black "Hossa"]
[Result "1-0"]
[WhiteElo "2828"]
[BlackElo "2629"]
[PlyCount "157"]
[EventDate "2001.??.??"]

1. d4 Nf6 2. c4 e6 3. Nf3 b6 4. a3 Ba6 5. Qc2 Bb7 6. Nc3 c5 7. e4 cxd4 8. Nxd4
Bc5 9. Nb3 Bd6 10. Nb5 Be5 11. Bd3 a6 12. N5d4 O-O 13. Nf3 Nc6 14. O-O Ng4 15.
Nxe5 Ncxe5 16. f3 Nxd3 17. Qxd3 Ne5 18. Qd4 d6 19. Be3 Rc8 20. Nd2 Rc6 21. b3
Nd7 22. Rad1 Qf6 23. Qxf6 Nxf6 24. a4 Nd7 25. a5 bxa5 26. Ra1 Ne5 27. Rxa5 f5
28. Rfa1 Nd3 29. exf5 Rxf5 30. Rxf5 exf5 31. Ra5 f4 32. Bd4 Rc7 33. Kf1 Re7 34.
Ra1 Kf7 35. h3 Re8 36. Rd1 Nb4 37. Ne4 Bxe4 38. fxe4 Nc2 39. Bf2 Ke6 40. Rd2
Na1 41. b4 Nb3 42. Rd3 Nc1 43. Ra3 Ke5 44. Rxa6 Rc8 45. Ra7 Rxc4 46. b5 Kxe4
47. b6 Nd3 48. Re7+ Kf5 49. b7 Rb4 50. Ba7 Kf6 51. Rd7 Ke6 52. Rxg7 Rb1+ 53.
Ke2 Ne5 54. b8=Q Rxb8 55. Bxb8 h6 56. Rh7 h5 57. Rh6+ Kd7 58. Rxd6+ Kc8 59. Ba7
Kb7 60. Bf2 Kc7 61. Rd5 Ng6 62. Kf3 h4 63. Ke4 Kc6 64. Rf5 Kb7 65. Rf7+ Kb8 66.
Kf5 f3 67. gxf3 Nh8 68. Rf8+ Kb7 69. Rxh8 Kc6 70. Ke6 Kb5 71. f4 Kc4 72. f5 Kd3
73. f6 Ke4 74. f7 Kd3 75. f8=Q Ke2 76. Qf5 Kd2 77. Rc8 Ke2 78. Rc1 Kd2 79. Qc2#
{Hossa checkmated} 1-0

[Event "ICS rated blitz match"]
[Site "204.178.125.65"]
[Date "2001.07.06"]
[Round "?"]
[White "Hossa"]
[Black "EA6PZ"]
[Result "0-1"]
[WhiteElo "2621"]
[BlackElo "2836"]
[PlyCount "104"]
[EventDate "2001.??.??"]

1. d4 d5 2. c4 e6 3. Nf3 Nf6 4. g3 Be7 5. Bg2 O-O 6. O-O dxc4 7. Ne5 Nc6 8.
Bxc6 bxc6 9. Nxc6 Qe8 10. Nxe7+ Qxe7 11. Nd2 Qb4 12. Qc2 Ba6 13. Nf3 Rab8 14.
Rd1 Rfd8 15. Ne5 Qb5 16. e4 c5 17. dxc5 Rxd1+ 18. Qxd1 Qxc5 19. Nd7 Nxd7 20.
Qxd7 c3 21. b3 Bb5 22. Qd1 c2 23. Qe1 Rd8 24. Bd2 Qd4 25. Kg2 Qxd2 26. Qxd2
Rxd2 27. Rc1 Bd3 28. Kf3 Rd1 29. Ke3 Bxe4 30. Kxe4 Rxc1 31. Kd3 Rh1 32. Kxc2
Rxh2 33. Kd3 Rxf2 34. Ke4 Rxa2 35. g4 g5 36. Ke3 Rb2 37. Kd4 Rxb3 38. Kc4 a5
39. Kxb3 f5 40. gxf5 exf5 41. Kc4 g4 42. Kd3 f4 43. Kd4 g3 44. Ke5 f3 45. Kd4
Kf7 46. Ke3 f2 47. Ke2 g2 48. Ke3 f1=Q 49. Ke4 g1=Q 50. Kd5 Qb5+ 51. Ke4 Qg3
52. Kd4 Qgd3# {Hossa checkmated} 0-1